000 00791nam a2200253Ia 4500
003 OSt
005 20220926005324.0
006 a|||||r|||| 00| 0
007 ta
008 220923b |||||||| |||| 00| 0 eng d
020 _a818387021X
_c1495.00
037 _b3102, 26/10/2006, BOOK AGE
_cGeneral Book
040 _aRTL
_cRTL
_beng
041 _2eng
_aeng
082 _aY5926.2.N6, P6
100 _aSaksena H S and others Ed.
_9310051
245 0 _aScheduled tribes and development
260 _a New Delhi
_bSerials Publication
_c2006
300 _axxviii, 561p
_ccm.
500 _aBibliography chapterwise
650 _aSociology
942 _hY5926.2.N6, P6
_cGB
_2CC
999 _c613491
_d613491